00594nam a2200169 a 450000100100000000500170001000800410002704000250006804100080009310000260010124500910012726000410021830000210025950000210028095201060030199900170040700003655520200930075809.0120120s1993 xxu 000 0 spa d aDO-SdBNPbspacBNPHU17aeng1 aSurmanek, Jim.96281510aIntroductión to advertising media :bresearch, planning, and buying /cJim Surmanek. aIllinois:. :bBusiness Books,c1993. a357 p. ;c25 cm. aIncluye índice 0010507-18MOaGRbGRcOId2012-01-20iLF1l0o p36555-10r2020-06-25w2020-06-25y1ZNo se presta c36046d36046